Výber z judikatúry ESD - diskriminácia z dôvodu veku

Pokračovanie článku z predchádzajúceho čísla. Smernica Rady 2000/78/ES. Sociálna politika a zamestnanosť. Trh práce a veková hranica. Pracovné a kolektívne zmluvy. Vnútroštátne predpisy. Vekové obmedzenia v určitých povolaniach. Európske právo a ochrana starších zamestnancov. Konkrétne rozsudky ESD.

Gespeichert in:
Bibliographische Detailangaben
1. Verfasser: Zukalová, Dagmar
Weitere Verfasser: Puškáčová, Zora
Format: Buchkapitel
Sprache:Slowakisch
Schlagworte:
Tags: Tag hinzufügen
Keine Tags, Fügen Sie das erste Tag hinzu!

MARC

LEADER 00000naa$a2200000$$$4500
001 0099415
005 20230908072052.1
041 0 |a slo 
044 |a SK 
245 1 0 |a Výber z judikatúry ESD - diskriminácia z dôvodu veku  |c Dagmar Zukalová, Zora Puškáčová 
520 |a Pokračovanie článku z predchádzajúceho čísla. Smernica Rady 2000/78/ES. Sociálna politika a zamestnanosť. Trh práce a veková hranica. Pracovné a kolektívne zmluvy. Vnútroštátne predpisy. Vekové obmedzenia v určitých povolaniach. Európske právo a ochrana starších zamestnancov. Konkrétne rozsudky ESD. 
610 2 0 |a vek 
610 2 0 |a súdy pracovné 
610 2 0 |a právo európske 
610 2 0 |a zmluvy pracovné 
610 2 0 |a politika sociálna 
610 2 0 |a politika zamestnanosti 
610 2 0 |a diskriminácia 
610 2 0 |a Európa 
610 2 0 |a trh práce 
100 1 |a Zukalová, Dagmar 
700 1 |a Puškáčová, Zora